Basic concepts in earth science / (Record no. 283737)
[ view plain ]
| 000 -LEADER | |
|---|---|
| fixed length control field | 00569nam a2200181 a 4500 |
| 003 - CONTROL NUMBER IDENTIFIER | |
| control field | PILC |
| 005 - DATE AND TIME OF LATEST TRANSACTION | |
| control field | 20150306113143.0 |
| 008 - FIXED-LENGTH DATA ELEMENTS--GENERAL INFORMATION | |
| fixed length control field | 051103s ph 000 0 eng d |
| 020 ## - INTERNATIONAL STANDARD BOOK NUMBER | |
| International Standard Book Number | 9711110202 |
| 050 00 - LIBRARY OF CONGRESS CALL NUMBER | |
| Classification number | QE26.2 |
| Item number | R44 1999 |
| 100 1# - MAIN ENTRY--PERSONAL NAME | |
| Personal name | Realuyo, Zenaida Montecastro. |
| 245 10 - TITLE STATEMENT | |
| Title | Basic concepts in earth science / |
| Statement of responsibility, etc | by Zenaida Montecastro Realuyo and Isabelina de Pan-Ilarde. |
| 260 ## - PUBLICATION, DISTRIBUTION, ETC. (IMPRINT) | |
| Place of publication, distribution, etc | [Quezon City] : |
| Name of publisher, distributor, etc | JMC Press, |
| Date of publication, distribution, etc | 1999. |
| 300 ## - PHYSICAL DESCRIPTION | |
| Extent | xvi, 307 p. : |
| Other physical details | ill. ; |
| Dimensions | 26 cm. |
| 650 #0 - SUBJECT ADDED ENTRY--TOPICAL TERM | |
| Topical term or geographic name as entry element | Earth sciences. |
| 700 1# - ADDED ENTRY--PERSONAL NAME | |
| Personal name | Ilarde, Isabelina del Pan. |
| 942 ## - ADDED ENTRY ELEMENTS (KOHA) | |
| Source of classification or shelving scheme | Library of Congress Classification |
| Koha item type | Books |
| Withdrawn status | Lost status | Source of classification or shelving scheme | Damaged status | Home library | Current library | Shelving location | Date acquired | Source of acquisition | Total Checkouts | Full call number | Barcode | Date last seen | Date checked out | Price effective from | Koha item type |
|---|---|---|---|---|---|---|---|---|---|---|---|---|---|---|---|
| Library of Congress Classification | College Library | College Library | Filipiniana Section | 03/06/2015 | Library Fund | 5 | QE26 R288 1999 | C1198 | 04/22/2019 | 01/07/2019 | 03/06/2015 | Books |